| 000 | 00631nam a2200193 i 4500 | ||
|---|---|---|---|
| 001 | 58585 | ||
| 003 | ES-MaACL | ||
| 005 | 20251015164826.0 | ||
| 007 | t| | ||
| 008 | 031023s1960 sp ||||1| spa d | ||
| 100 | 0 |
_aEduardo _bVIII, _cRey de Inglaterra _946660 |
|
| 245 | 1 | 0 |
_aDuque de Windsor _b: album de familia / _cEduardo VIII, Rey de Inglaterra ; [versión española de Enrique de Juan]. |
| 250 | _a[1ª ed.]. | ||
| 260 |
_aBarcelona, etc. : _bPlaza & Janés, _c[1961] |
||
| 300 |
_a156 p., 8 lám. ; _c20 cm. |
||
| 700 | 1 |
_aJuan, Enrique de. _967090 |
|
| 852 |
_aES-MaACL _jC-20338 _bR.48257 |
||
| 999 |
_c58585 _d58585 |
||